000
00182nam a2200073Ia 4500
008
170524s9999 xx 000 0 und d
100
_a
MISHRA- RAJENDRA
245
0
_a
MEDIA ANUSANDHAN
260
_b
N DELHI TAKSHSHILA
999
_c
9271
_d
9271